Sports Quiz

Random Sports or Soccer Quiz

Premier League 50+ Appearances: Manchester United Quiz Stats

 Plays Quiz Updated Nov 9, 2016

Challenge
Share
Tweet
Embed
Score 0/66 Timer 06:00
21 Plays Today
Appearances Player % Correct
632Ryan Giggs
96.3%
499Paul Scholes
94.1%
368Wayne Rooney
94%
312Rio Ferdinand
88.8%
265David Beckham
88.7%
400Gary Neville
88.4%
263Phil Neville
88.1%
196Cristiano Ronaldo
85.8%
211Nemanja Vidic
85.3%
186Edwin van der Sar
82.8%
271Patrice Evra
79.6%
326Roy Keane
79.2%
195Andy Cole
79%
291Michael Carrick
76.8%
96Dwight Yorke
75.3%
165David De Gea
74.1%
147Nani
74%
143Eric Cantona
73.8%
270Nicky Butt
73.5%
252Peter Schmeichel
72.7%
150Ruud van Nistelrooy
70.8%
135Chris Smalling
70.1%
104Phil Jones
70%
296Denis Irwin
68.7%
176Antonio Valencia
67.8%
104Teddy Sheringham
67.2%
235Ole-Gunnar Solskjaer
67.1%
86Robin van Persie
66.6%
148Steve Bruce
65.7%
256John O'Shea
65.4%
223Darren Fletcher
64.3%
232Wes Brown
63.6%
108Dimitar Berbatov
62.4%
Appearances Player % Correct
133Ji Sung Park
61.8%
92Fabian Barthez
60.1%
86Juan Mata
60.1%
206Gary Pallister
58.8%
79Jaap Stam
58.2%
108Ashley Young
58.1%
108Anderson
58.1%
109Rafael
57.7%
111Mark Hughes
56.5%
63Carlos Tevez
52.9%
103Javier Hernandez
52%
116Paul Ince
50.7%
51Juan Sebastian Veron
47.1%
92Danny Welbeck
44.9%
52Ander Herrera
44.8%
88Andrei Kanchelskis
44.6%
130Jonny Evans
44.1%
86Louis Saha
43.4%
61Marouane Fellaini
43.2%
116Lee Sharpe
39.9%
99Ronny Johnsen
38.8%
249Mikael Silvestre
38.8%
60Daley Blind
38.4%
85David May
37.4%
61Alan Smith
37.2%
63Diego Forlan
36.5%
162Brian McClair
36.5%
79Paul Parker
35.1%
66Henning Berg
34%
52Gabriel Heinze
33.4%
55Tom Cleverley
30%
76Quinton Fortune
26.2%
50Adnan Januzaj
13.5%

You're not logged in!

Compare scores with friends on all Sporcle quizzes.
Join for Free
OR
Log In

You Might Also Like...

Show Comments

Extras

Top Quizzes Today


Score Distribution

Your Account Isn't Verified!

In order to create a playlist on Sporcle, you need to verify the email address you used during registration. Go to your Sporcle Settings to finish the process.

Report this User

Report this user for behavior that violates our Community Guidelines.

Details: